Word Ladder: Political Nicknames Quiz Stats

 Plays Quiz Updated Apr 15, 2015

Challenge
Share
Tweet
Embed
Score 0/32 Timer 04:00
1 Play Today
4-Letter Word % Correct
PUPS
94.2%
IRAN
93.6%
▼ PAPA ▼
92%
PITT
91.8%
SAND
90.5%
PUPA
90.1%
MUTT
90.1%
MITT
89.5%
FEED
89.1%
▼ LADY ▼
88.9%
FLED
88.6%
SEED
87.1%
FLEW
87.1%
FLAW
85.9%
BRAG
85.7%
SEND
85.1%
4-Letter Word % Correct
▼IRON▼
84.1%
FLAG
84%
LADD
83.6%
BRAN
83.2%
LAND
82.9%
MUST
81.5%
PUSS
80%
PATH
77.2%
PITH
76.5%
BLAG
75.6%
FUSS
69.5%
MUSE
68.2%
FUSE
66.6%
BATH
64%
BASH
57.8%
▼ BUSH ▼
43.6%

Today's Daily Dose

You're not logged in!

Compare scores with friends on all Sporcle quizzes.
OR
Log In

You Might Also Like...

Show Comments

Extras

Top Quizzes Today


Score Distribution

Your Account Isn't Verified!

In order to create a playlist on Sporcle, you need to verify the email address you used during registration. Go to your Sporcle Settings to finish the process.

Report this User

Report this user for behavior that violates our Community Guidelines.

Details: